000 00310nam a22001337a 4500
008 180202b xxu||||| |||| 00| 0 eng d
020 _a081514086-X
041 _aeng
080 _a617
100 _a5
101 _aKIR
245 _aAdvances in plastic and reconstructive surgery
_cHabal,M
942 _2udc
_cBK
999 _c41673
_d41673